| 000 | 00399pab a2200145 454500 | ||
|---|---|---|---|
| 008 | 180718b1991 xxu||||| |||| 00| 0 eng d | ||
| 100 | _aTandon, Yash | ||
| 245 | _aPolitical economy of struggles for democracy and human rights in Africa | ||
| 260 | _c1991 | ||
| 300 | _a1554-61 | ||
| 362 | _a22 Jun. | ||
| 650 | _aCivil Liberties - Africa | ||
| 773 | _aEconomic and Political Weekly | ||
| 909 | _a5654 | ||
| 999 |
_c5654 _d5654 |
||